| Tag |
First Indicator |
Second Indicator |
Subfields |
| LEADER |
00000cam a2200000Ia 4500 |
| 001 |
in00001507313 |
| 005 |
20151021160841.0 |
| 008 |
000112s1999 enkab tb 000 0 eng d |
| 035 |
|
|
|a (OCoLC)42709936
|
| 040 |
|
|
|a TRL
|c TRL
|d TXA
|d UtOrBLW
|
| 043 |
|
|
|a e-uk---
|
| 049 |
|
|
|a TXAM
|
| 090 |
|
|
|a TA1057.A1
|b T755 no. 423
|
| 100 |
1 |
|
|a Boulter, P. G.
|
| 245 |
1 |
0 |
|a Remote sensing of vehicle emissions near two traffic calming measures in Gloucester /
|c P.G. Boulter.
|
| 264 |
|
1 |
|a Crowthorne, Berkshire :
|b Transport Research Laboratory,
|c 1999.
|
| 300 |
|
|
|a iv, 30 pages : illustrations (some color), maps ;
|c 30 cm.
|
| 336 |
|
|
|a text
|b txt
|2 rdacontent
|
| 337 |
|
|
|a unmediated
|b n
|2 rdamedia
|
| 338 |
|
|
|a volume
|b nc
|2 rdacarrier
|
| 490 |
1 |
|
|a TRL report,
|x 0968-4107 ;
|v 423
|
| 500 |
|
|
|a "Prepared for Charging and Local Transport Division, Department of the Environment, Transport and the Regions."
|
| 504 |
|
|
|a Includes bibliographical references (pages 25-26).
|
| 650 |
|
0 |
|a Air
|x Pollution
|z Great Britain
|x Measurement.
|
| 650 |
|
0 |
|a Automobiles
|z Great Britain
|x Motors
|x Exhaust gas.
|
| 650 |
|
0 |
|a Automobiles
|x Environmental aspects
|z Great Britain.
|
| 710 |
2 |
|
|a Transport Research Laboratory (Great Britain)
|
| 710 |
1 |
|
|a Great Britain.
|b Charging and Local Transport Division.
|
| 830 |
|
0 |
|a TRL report ;
|v no. 423.
|
| 948 |
|
|
|a cataloged
|b h
|c 2000/1/12
|d c
|e jspillan
|f 10:15:41 am
|
| 994 |
|
|
|a E0
|b TXA
|
| 999 |
|
|
|a MARS
|
| 999 |
f |
f |
|s 27ea46fe-bef4-32ba-9cf0-a328ff0b9eb3
|i da74fe7b-0271-3022-b59e-4757320ceae2
|t 0
|
| 952 |
f |
f |
|p ric
|a Texas A&M University
|b Rellis Campus
|c Joint Library Facility
|d Remote Storage
|t 0
|e TA1057.A1 T755 no.423
|h Library of Congress classification
|i unmediated -- volume
|m A14825594982
|
| 998 |
f |
f |
|a TA1057.A1 T755 no.423
|t 0
|l Remote Storage
|